[Event "Champions Showdown in Saint Louis (Blitz)"]
[Site "St. Louis, MO USA"]
[Date "2017.11.11"]
[EventDate "2017.10.21"]
[Round "3.3"]
[Result "1/2-1/2"]
[White "Wesley So"]
[Black "Leinier Dominguez Perez"]
[WhiteElo "2788"]
[BlackElo "2739"]
[PlyCount "70"]

1. c4 e6 2. Nc3 d5 3. d4 Nf6 4. cxd5 Nxd5 5. e4 Nxc3 6. bxc3
c5 7. Nf3 cxd4 8. cxd4 Bb4+ 9. Bd2 Bxd2+ 10. Qxd2 O-O 11. Bc4
Nd7 12. O-O b6 13. Rad1 Bb7 14. Rfe1 Rc8 15. Bb3 Re8 16. Re3
Nf6 17. Qd3 b5 18. d5 exd5 19. e5 Ne4 20. Qxb5 Qb6 21. Qxb6
axb6 22. h4 h6 23. Bxd5 Bxd5 24. Rxd5 Rc1+ 25. Ne1 Nc3 26. Rd6
Nxa2 27. Rxb6 Nc3 28. Rd6 Rb8 29. Kh2 Nd1 30. Rf3 Nxf2
31. Rxf2 Rxe1 32. Rd7 Rf8 33. Re7 Re3 34. Rf3 Rxf3 35. gxf3
Rd8 1/2-1/2

[Event "Champions Showdown in Saint Louis (Blitz)"]
[Site "St. Louis, MO USA"]
[Date "2017.11.11"]
[EventDate "2017.10.21"]
[Round "4.3"]
[Result "1/2-1/2"]
[White "Leinier Dominguez Perez"]
[Black "Wesley So"]
[WhiteElo "2739"]
[BlackElo "2788"]
[PlyCount "72"]

1. e4 e6 2. d4 d5 3. Nc3 Nf6 4. e5 Nfd7 5. f4 c5 6. Nf3 Nc6
7. Be3 a6 8. Qd2 b5 9. dxc5 Bxc5 10. Ne2 O-O 11. Bxc5 Nxc5
12. Ned4 Ne4 13. Qe3 Nxd4 14. Qxd4 b4 15. a3 bxa3 16. Rxa3 a5
17. Bd3 Rb8 18. O-O Rb4 19. Qa7 a4 20. Rxa4 Rxb2 21. Qd4 Qb6
22. Qxb6 Rxb6 23. Bxe4 dxe4 24. Rxe4 Bb7 25. Rd4 Rb2 26. c4
Bxf3 27. Rxf3 h6 28. Rf2 Rb1+ 29. Rf1 Rb2 30. Rfd1 Rc2
31. R1d2 Rc3 32. Kf2 Kh7 33. R2d3 Rc2+ 34. Rd2 Rc3 35. R2d3
Rc2+ 36. Rd2 Rc3 1/2-1/2

[Event "Champions Showdown in Saint Louis (Blitz)"]
[Site "St. Louis, MO USA"]
[Date "2017.11.11"]
[EventDate "2017.10.21"]
[Round "5.3"]
[Result "0-1"]
[White "Wesley So"]
[Black "Leinier Dominguez Perez"]
[WhiteElo "2788"]
[BlackElo "2739"]
[PlyCount "70"]

1. d4 d5 2. c4 e6 3. Nf3 Nf6 4. g3 Be7 5. Bg2 O-O 6. b3 dxc4
7. bxc4 c5 8. O-O cxd4 9. Nxd4 Qb6 10. Nb3 Rd8 11. Qc2 Nc6
12. Be3 Qa6 13. N1d2 Bd7 14. Nc5 Bxc5 15. Bxc5 Rac8 16. Rfc1
h6 17. Nb3 b6 18. Be3 Nb4 19. Qb2 Ne8 20. a3 Nc6 21. c5 Ne7
22. cxb6 axb6 23. Rxc8 Bxc8 24. a4 Nd5 25. Bd4 Bd7 26. Bf1 Qa8
27. e4 Ndf6 28. Bxb6 Rb8 29. Nc5 Qc6 30. Rb1 Nxe4 31. Nxd7
Qxd7 32. a5 Nd2 33. Qb5 Nf6 34. Rd1 Nf3+ 35. Kh1 Qxd1 0-1

[Event "Champions Showdown in Saint Louis (Blitz)"]
[Site "St. Louis, MO USA"]
[Date "2017.11.11"]
[EventDate "2017.10.21"]
[Round "6.3"]
[Result "0-1"]
[White "Leinier Dominguez Perez"]
[Black "Wesley So"]
[WhiteElo "2739"]
[BlackElo "2788"]
[PlyCount "52"]

1. e4 c6 2. d4 d5 3. e5 Bf5 4. Nf3 e6 5. Be2 Ne7 6. c3 Nd7
7. O-O c5 8. dxc5 Nc6 9. b4 a5 10. Nd4 Bg6 11. b5 Ncxe5 12. f4
Nc4 13. c6 bxc6 14. bxc6 Nf6 15. Qa4 Bc5 16. Na3 Ne4 17. c7+
Qd7 18. Qxd7+ Kxd7 19. Nxc4 Nxc3 20. Ne5+ Kxc7 21. Kh1 Bxd4
22. Bf3 Ne4 23. Ba3 Nf2+ 24. Rxf2 Bxa1 25. Rf1 Bxe5 26. fxe5
Kd7 0-1

[Event "Champions Showdown in Saint Louis (Blitz)"]
[Site "St. Louis, MO USA"]
[Date "2017.11.11"]
[EventDate "2017.10.21"]
[Round "7.3"]
[Result "1-0"]
[White "Wesley So"]
[Black "Leinier Dominguez Perez"]
[WhiteElo "2788"]
[BlackElo "2739"]
[PlyCount "113"]

1. c4 e6 2. g3 d5 3. Bg2 Nf6 4. d4 Be7 5. Nf3 O-O 6. b3 dxc4
7. bxc4 c5 8. O-O cxd4 9. Nxd4 Qb6 10. Nb3 Rd8 11. Qc2 Nc6
12. Be3 Qa6 13. N1d2 e5 14. a4 Be6 15. Rfc1 Rac8 16. Qb2 Ng4
17. Nc5 Bxc5 18. Bxc5 b6 19. Ba3 Nd4 20. Bf1 Qb7 21. h3 Nf6
22. e3 Nc6 23. Kh2 Qd7 24. Rd1 Qc7 25. Rac1 h6 26. Bg2 Qb8
27. Qb5 Bd7 28. Qb1 Be6 29. Qb5 Bd7 30. Qb2 Be6 31. c5 Bd5
32. e4 Be6 33. cxb6 axb6 34. Rb1 Qa8 35. Qxb6 Qxa4 36. Qe3 Ra8
37. Ra1 Qd4 38. Bc5 Qxe3 39. Bxe3 Rxa1 40. Rxa1 Nd4 41. Rc1
Kf8 42. f4 exf4 43. gxf4 Nb3 44. Nxb3 Bxb3 45. Rc3 Be6 46. f5
Rc8 47. Bc5+ Rxc5 48. Rxc5 Bb3 49. Rc3 Ba2 50. Rc8+ Ke7
51. Rc7+ Kd6 52. Rb7 Ke5 53. Rb5+ Kf4 54. e5 Nd7 55. Rb2 Bc4
56. Rb4 Nxe5 57. Bd5 1-0

[Event "Champions Showdown in Saint Louis (Blitz)"]
[Site "St. Louis, MO USA"]
[Date "2017.11.11"]
[EventDate "2017.10.21"]
[Round "8.3"]
[Result "0-1"]
[White "Leinier Dominguez Perez"]
[Black "Wesley So"]
[WhiteElo "2739"]
[BlackElo "2788"]
[PlyCount "64"]

1. e4 e6 2. d4 d5 3. Nc3 Bb4 4. e5 c5 5. a3 Bxc3+ 6. bxc3 Ne7
7. h4 Qc7 8. h5 h6 9. Rb1 b6 10. Qg4 Kf8 11. Rh3 Ba6 12. Bxa6
Nxa6 13. Ne2 cxd4 14. cxd4 Qxc2 15. Rb2 Qe4 16. Qxe4 dxe4
17. Nc3 Rc8 18. Bd2 Rc4 19. Nxe4 Rxd4 20. Nd6 Nc5 21. Ke2 Rd5
22. f4 f6 23. Bc3 f5 24. Bb4 g5 25. hxg6 Nxg6 26. g3 Nd3
27. Rc2 Ndxf4+ 28. gxf4 Nxf4+ 29. Kf3 Nxh3 30. Rc7 a5 31. Be1
Ng5+ 32. Kf4 Rd3 0-1

[Event "Chess.com Speed Chess Championship (Qualifier)"]
[Site "chess.com INT"]
[Date "2018.06.26"]
[EventDate "2018.06.26"]
[Round "1.1"]
[Result "1-0"]
[White "Georg Meier"]
[Black "Leinier Dominguez Perez"]
[WhiteElo "2628"]
[BlackElo "2739"]
[PlyCount "77"]

1. Nf3 d5 2. g3 Nf6 3. Bg2 e6 4. O-O Be7 5. c4 O-O 6. d4 dxc4
7. Ne5 Nc6 8. Bxc6 bxc6 9. Nxc6 Qe8 10. Nxe7+ Qxe7 11. Qa4 e5
12. dxe5 Qxe5 13. Qxc4 Be6 14. Qc2 Bf5 15. Qd2 Bh3 16. Re1
Rad8 17. Qc3 Qd5 18. f3 Rfe8 19. Na3 Qb7 20. Nc2 Qa6 21. Be3
Nd5 22. Qc5 Rd6 23. Bf2 h6 24. Nd4 Qb7 25. b3 Nf6 26. Rac1 Ng4
27. Nf5 Rd7 28. Qxa7 Qxa7 29. Bxa7 Ne5 30. Ne3 Ra8 31. Bc5
Rxa2 32. b4 h5 33. Rc2 Rxc2 34. Nxc2 Rd2 35. Nd4 f6 36. Kf2
Rb2 37. Rd1 Bd7 38. Ke1 Kf7 39. Rd2 1-0

[Event "Chess.com Speed Chess Championship (Qualifier)"]
[Site "chess.com INT"]
[Date "2018.06.26"]
[EventDate "2018.06.26"]
[Round "1.2"]
[Result "1-0"]
[White "Leinier Dominguez Perez"]
[Black "Georg Meier"]
[WhiteElo "2739"]
[BlackElo "2628"]
[PlyCount "99"]

1. e4 e6 2. d4 d5 3. Nc3 dxe4 4. Nxe4 Nd7 5. Nf3 Ngf6 6. Nxf6+
Nxf6 7. Ne5 Nd7 8. Bf4 Nxe5 9. Bxe5 f6 10. Bg3 c5 11. Bc4 cxd4
12. O-O Bd6 13. Re1 Bxg3 14. hxg3 O-O 15. Re4 Kh8 16. Rxd4 Qc7
17. Bb3 e5 18. Rd2 Bf5 19. Qf3 Bg6 20. Rad1 Rad8 21. Kh2 Rxd2
22. Rxd2 b6 23. Qd5 h5 24. Qd7 Rc8 25. c3 Kh7 26. Be6 Qxd7
27. Rxd7 Re8 28. Bd5 a5 29. Rb7 Rd8 30. c4 Rd6 31. Kg1 Kh6
32. f3 Bb1 33. a3 g5 34. Kf2 h4 35. g4 Kg6 36. b4 axb4
37. axb4 f5 38. Ke3 fxg4 39. fxg4 Kf6 40. b5 Bg6 41. Rc7 Be8
42. Be4 Bf7 43. c5 bxc5 44. Rxc5 Be6 45. Bf3 Rd4 46. b6 Rb4
47. b7 Rb3+ 48. Kd2 Bxg4 49. Bd5 Rb6 50. Rc6+ 1-0

[Event "Chess.com Speed Chess Championship (Qualifier)"]
[Site "chess.com INT"]
[Date "2018.06.26"]
[EventDate "2018.06.26"]
[Round "1.3"]
[Result "1/2-1/2"]
[White "Georg Meier"]
[Black "Leinier Dominguez Perez"]
[WhiteElo "2628"]
[BlackElo "2739"]
[PlyCount "117"]

1. Nf3 d5 2. g3 Nf6 3. Bg2 e6 4. O-O Be7 5. d4 O-O 6. c4 dxc4
7. Ne5 Nc6 8. Bxc6 bxc6 9. Nxc6 Qe8 10. Nxe7+ Qxe7 11. Qa4 e5
12. dxe5 Qxe5 13. Qxc4 Be6 14. Qc2 Bf5 15. Qd2 Bh3 16. Re1
Rad8 17. Qc3 Qd5 18. f3 Rfe8 19. Na3 Qb7 20. Nc2 Qa6 21. Be3
Nd5 22. Qc5 Rd6 23. Bf2 Rc6 24. Qxd5 Rxc2 25. Qd3 Qxd3
26. exd3 Rxe1+ 27. Rxe1 h5 28. Bxa7 Rg2+ 29. Kh1 Rxb2 30. Ra1
Bg2+ 31. Kg1 Bxf3 32. Bf2 Be2 33. a4 Bxd3 34. a5 Ba6 35. Rc1
Bb7 36. h4 Ra2 37. Be1 c6 38. Rd1 Ba6 39. Rd8+ Kh7 40. Rd7 Bc4
41. Rc7 Bd5 42. Kf1 Kg6 43. Bc3 Ra3 44. Bb4 Ra4 45. Bc3 Ra2
46. Ke1 Bf3 47. Kf1 Ra3 48. Bb4 Ra4 49. Kf2 Bd5 50. Bc3 Ra3
51. Bb4 Ra4 52. Bc3 f6 53. Ke2 Ra3 54. Kd3 Ra4 55. Kc2 Ra2+
56. Kd3 Ra4 57. Kc2 Ra3 58. Kd3 Ra4 59. Kc2 1/2-1/2

[Event "Chess.com Speed Chess Championship (Qualifier)"]
[Site "chess.com INT"]
[Date "2018.06.26"]
[EventDate "2018.06.26"]
[Round "1.4"]
[Result "1-0"]
[White "Leinier Dominguez Perez"]
[Black "Georg Meier"]
[WhiteElo "2739"]
[BlackElo "2628"]
[PlyCount "57"]

1. e4 e6 2. d4 d5 3. Nc3 Nf6 4. e5 Nfd7 5. Nce2 c5 6. c3 Nc6
7. Nf3 Be7 8. a3 a5 9. Nf4 a4 10. Bd3 cxd4 11. cxd4 Qb6
12. Bc2 g5 13. Ne2 g4 14. Nfg1 Qa5+ 15. Bd2 Qa6 16. h3 gxh3
17. Rxh3 h5 18. Nf3 Nb6 19. Bg5 Bd7 20. Bxe7 Kxe7 21. Qd2 Qa5
22. Nc3 Rag8 23. Ng5 Nc4 24. Qf4 Be8 25. Bxa4 Nxb2 26. Bxc6
bxc6 27. Rb1 Na4 28. Rb7+ Kd8 29. Nxf7+ 1-0

[Event "Chess.com Speed Chess Championship (Qualifier)"]
[Site "chess.com INT"]
[Date "2018.06.26"]
[EventDate "2018.06.26"]
[Round "1.5"]
[Result "1/2-1/2"]
[White "Georg Meier"]
[Black "Leinier Dominguez Perez"]
[WhiteElo "2628"]
[BlackElo "2739"]
[PlyCount "83"]

1. Nf3 d5 2. g3 Nf6 3. Bg2 e6 4. O-O Be7 5. d4 O-O 6. c4 dxc4
7. Qc2 a6 8. a4 Bd7 9. Qxc4 Bc6 10. Bf4 Nbd7 11. Nc3 Bd6
12. Bg5 h6 13. Bxf6 Nxf6 14. b4 Bd5 15. Nxd5 exd5 16. Qb3 Qe7
17. b5 Qxe2 18. Rfe1 Qc4 19. Qxc4 dxc4 20. Ne5 axb5 21. axb5
Rxa1 22. Rxa1 Bxe5 23. dxe5 Nd7 24. f4 Nc5 25. Rc1 Rd8 26. Bf1
Nb3 27. Rc3 Rd1 28. Kf2 Nc5 29. Rxc4 b6 30. Be2 Rd8 31. Ke3
Kf8 32. Rd4 Ra8 33. f5 Ke7 34. h4 Ra3+ 35. Kf4 Rb3 36. g4 Rb2
37. Bc4 f6 38. e6 Rf2+ 39. Ke3 Rb2 40. Kf4 Rf2+ 41. Kg3 Rb2
42. Kf4 1/2-1/2

[Event "Chess.com Speed Chess Championship (Qualifier)"]
[Site "chess.com INT"]
[Date "2018.06.26"]
[EventDate "2018.06.26"]
[Round "1.6"]
[Result "0-1"]
[White "Leinier Dominguez Perez"]
[Black "Georg Meier"]
[WhiteElo "2739"]
[BlackElo "2628"]
[PlyCount "52"]

1. e4 e6 2. d4 d5 3. Nc3 Nf6 4. e5 Nfd7 5. Nce2 c5 6. c3 Nc6
7. Nf3 Be7 8. a3 b5 9. Nf4 b4 10. axb4 cxb4 11. Bd3 a5 12. h4
Ba6 13. Ng5 Bxd3 14. Qxd3 Bxg5 15. hxg5 Qxg5 16. Rxh7 Rxh7
17. Qxh7 O-O-O 18. Qd3 Qf5 19. Qa6+ Kc7 20. Rxa5 Qe4+ 21. Ne2
Rb8 22. Ra1 Qxg2 23. Be3 Rb7 24. Qa4 Ra7 25. Qd1 Qh1+ 26. Kd2
Rxa1 0-1

[Event "Chess.com Speed Chess Championship (Qualifier)"]
[Site "chess.com INT"]
[Date "2018.06.26"]
[EventDate "2018.06.26"]
[Round "1.7"]
[Result "1/2-1/2"]
[White "Georg Meier"]
[Black "Leinier Dominguez Perez"]
[WhiteElo "2628"]
[BlackElo "2739"]
[PlyCount "55"]

1. Nf3 d5 2. g3 Nf6 3. Bg2 e6 4. O-O Be7 5. d4 O-O 6. c4 dxc4
7. Qc2 a6 8. a4 Bd7 9. Qxc4 Bc6 10. Bf4 Nbd7 11. Nc3 Bd6
12. Bg5 h6 13. Bxf6 Nxf6 14. b4 Bd5 15. Nxd5 exd5 16. Qb3 Qe7
17. Rab1 h5 18. e3 g6 19. Rfc1 Kg7 20. Qc2 Rh8 21. b5 axb5
22. axb5 Ra3 23. Rb3 Rha8 24. Rcb1 Ra2 25. R3b2 R2a3 26. Rb3
Ra2 27. R3b2 R2a3 28. Rb3 1/2-1/2

[Event "Chess.com Speed Chess Championship (Qualifier)"]
[Site "chess.com INT"]
[Date "2018.06.26"]
[EventDate "2018.06.26"]
[Round "1.8"]
[Result "1-0"]
[White "Leinier Dominguez Perez"]
[Black "Georg Meier"]
[WhiteElo "2739"]
[BlackElo "2628"]
[PlyCount "69"]

1. e4 e6 2. d4 d5 3. Nc3 Nf6 4. e5 Nfd7 5. Nce2 c5 6. c3 Nc6
7. Nf3 b5 8. a3 a5 9. Nf4 b4 10. axb4 cxb4 11. h4 h6 12. Bd3
Ba6 13. Nxe6 fxe6 14. Bg6+ Ke7 15. Ng5 hxg5 16. Bxg5+ Nf6
17. Qf3 Kd7 18. exf6 gxf6 19. Bxf6 Be7 20. Bxh8 Qxh8 21. Bd3
bxc3 22. bxc3 Nxd4 23. cxd4 Qxd4 24. Rd1 Rf8 25. Bb5+ Bxb5
26. Rxd4 Rxf3 27. gxf3 Bf6 28. Rf4 Bc3+ 29. Kd1 e5 30. Rf6 e4
31. Rb6 Bd3 32. h5 a4 33. h6 a3 34. Rb7+ Kc6 35. Ra7 1-0

[Event "Chess.com Speed Chess Championship (Qualifier)"]
[Site "chess.com INT"]
[Date "2018.06.26"]
[EventDate "2018.06.26"]
[Round "1.9"]
[Result "1/2-1/2"]
[White "Georg Meier"]
[Black "Leinier Dominguez Perez"]
[WhiteElo "2628"]
[BlackElo "2739"]
[PlyCount "199"]

1. Nf3 d5 2. g3 Nf6 3. Bg2 e6 4. O-O Be7 5. d4 O-O 6. c4 dxc4
7. Qc2 a6 8. a4 Bd7 9. Qxc4 Bc6 10. Bg5 Bd5 11. Qc2 Be4
12. Qd1 h6 13. Bxf6 Bxf6 14. Nbd2 Bxf3 15. Nxf3 a5 16. e3 c6
17. Qe2 g6 18. Rfd1 Na6 19. Rac1 Nb4 20. Nd2 h5 21. Nc4 Qc7
22. h4 Rad8 23. Be4 Kg7 24. Kg2 Rd7 25. Rd2 Rfd8 26. Rcd1 c5
27. dxc5 Rxd2 28. Rxd2 Rxd2 29. Qxd2 Qxc5 30. Nd6 Kf8 31. Nxb7
Qc7 32. Qe2 Qe5 33. Bf3 Qxb2 34. Qxb2 Bxb2 35. Nxa5 Nd3
36. Bc6 Bc3 37. Nb7 Bb4 38. a5 Nc5 39. Nxc5 Bxc5 40. a6 Ke7
41. Kf3 f5 42. Ke2 e5 43. Kd3 f4 44. gxf4 exf4 45. Ke4 fxe3
46. fxe3 Kf6 47. Be8 Ba7 48. Kf4 Bb8+ 49. Kf3 Ba7 50. e4 g5
51. Kg3 Bb8+ 52. Kh3 gxh4 53. Kxh4 Ke5 54. Bc6 Kf6 55. Kxh5
Ba7 56. Bb7 Bb8 57. Kg4 Ba7 58. Kf3 Ke5 59. Ke2 Kd4 60. Kd2
Bb8 61. Kc2 Ba7 62. Kb3 Bb8 63. Kb4 Ke5 64. Kb5 Ba7 65. Bd5
Kd6 66. Ka5 Bd4 67. Ka4 Be3 68. Kb5 Ba7 69. Bb7 Bd4 70. Kc4
Ba7 71. Kd3 Ke5 72. Kc3 Bb6 73. Kc4 Ba7 74. Kb5 Kd6 75. Bd5
Bf2 76. Bb3 Be3 77. Bc2 Bf2 78. Ka5 Ba7 79. Kb4 Bb6 80. Kc4
Ba7 81. Kd3 Ke5 82. Ke2 Kf4 83. Bd3 Bb6 84. Kd2 Ba7 85. Kc3
Ke5 86. Kc2 Bb6 87. Kd2 Ba7 88. Ke2 Kf4 89. Ke1 Bb6 90. Kd1
Ba7 91. Kd2 Bb6 92. Kc3 Ke5 93. Kc4 Kd6 94. Kb5 Ba7 95. Bc4
Be3 96. Bd5 Bf2 97. Bb7 Bg1 98. Kc4 Bf2 99. Kd3 Ba7 100. Kc4
1/2-1/2

[Event "Chess.com Speed Chess Championship (Qualifier)"]
[Site "chess.com INT"]
[Date "2018.06.26"]
[EventDate "2018.06.26"]
[Round "1.10"]
[Result "1/2-1/2"]
[White "Leinier Dominguez Perez"]
[Black "Georg Meier"]
[WhiteElo "2739"]
[BlackElo "2628"]
[PlyCount "136"]

1. e4 e6 2. d4 d5 3. Nc3 dxe4 4. Nxe4 Bd7 5. Nf3 Bc6 6. Bd3
Nd7 7. Qe2 Be7 8. O-O Ngf6 9. Neg5 Bxf3 10. Nxf3 O-O 11. c3 c6
12. Re1 Qc7 13. g3 Rfe8 14. Kg2 Rad8 15. Bd2 Bd6 16. Rad1 e5
17. dxe5 Nxe5 18. Nxe5 Bxe5 19. Qf3 Qa5 20. Bc4 Qb6 21. Bb3 a5
22. Be3 Qc7 23. Rxd8 Rxd8 24. Bg5 h6 25. Bc1 Re8 26. Qf5 Kf8
27. h4 b5 28. a4 Re7 29. g4 bxa4 30. Bxa4 Nd5 31. Qh7 Nf6
32. Qh8+ Ng8 33. Bc2 g5 34. Qh7 Bf4 35. Rxe7 Qxe7 36. Bxf4
gxf4 37. Qe4 Qxh4 38. Qxf4 Nf6 39. Bf5 h5 40. Qh6+ Ke7
41. Qe3+ Kf8 42. Qh6+ Ke7 43. Qe3+ Kf8 44. g5 Nd5 45. Qg3 Qc4
46. Qd6+ Kg8 47. Qe5 Qh4 48. Qg3 Qc4 49. Qb8+ Kg7 50. Qe5+ Kg8
51. Be4 Qc5 52. Qe8+ Kg7 53. Qe5+ Kg8 54. Kg3 a4 55. g6 h4+
56. Kh3 Qxf2 57. gxf7+ Qxf7 58. Bxd5 Qxd5 59. Qxd5+ cxd5
60. Kxh4 Kf7 61. Kg4 Ke6 62. Kf4 Kd6 63. Ke3 Kc5 64. Kd3 Kc6
65. Kd4 Kd6 66. c4 dxc4 67. Kxc4 a3 68. bxa3 Kc6 1/2-1/2

[Event "Chess.com Speed Chess Championship (Qualifier)"]
[Site "chess.com INT"]
[Date "2018.06.26"]
[EventDate "2018.06.26"]
[Round "1.11"]
[Result "0-1"]
[White "Georg Meier"]
[Black "Leinier Dominguez Perez"]
[WhiteElo "2628"]
[BlackElo "2739"]
[PlyCount "66"]

1. Nf3 d5 2. g3 Nf6 3. Bg2 e6 4. O-O Be7 5. d4 O-O 6. c4 dxc4
7. Ne5 Nc6 8. Bxc6 bxc6 9. Nxc6 Qe8 10. Nxe7+ Qxe7 11. Qa4 e5
12. dxe5 Qxe5 13. Qxc4 Be6 14. Qc2 Bf5 15. Qd2 Bh3 16. Re1
Rad8 17. Qc3 Qd5 18. f3 Rfe8 19. Na3 Qb7 20. Nc2 Qa6 21. Be3
Nd5 22. Qc5 Rd6 23. Qxa7 Nxe3 24. Qxa6 Rxa6 25. Nxe3 Rxe3
26. Kf2 Re8 27. g4 h5 28. Kg3 hxg4 29. fxg4 Re3+ 30. Kf2 Rae6
31. a4 Bxg4 32. a5 Rxe2+ 33. Rxe2 Bxe2 0-1

[Event "Chess.com Speed Chess Championship (Qualifier)"]
[Site "chess.com INT"]
[Date "2018.06.26"]
[EventDate "2018.06.26"]
[Round "1.12"]
[Result "1-0"]
[White "Leinier Dominguez Perez"]
[Black "Georg Meier"]
[WhiteElo "2739"]
[BlackElo "2628"]
[PlyCount "57"]

1. e4 e6 2. d4 d5 3. Nc3 dxe4 4. Nxe4 Nd7 5. Nf3 Ngf6 6. Nxf6+
Nxf6 7. Ne5 Bd6 8. Qf3 c5 9. Bb5+ Ke7 10. O-O cxd4 11. Bf4 g5
12. Bg3 h5 13. h3 g4 14. hxg4 hxg4 15. Qf4 Rh5 16. Rfe1 Qh8
17. Nc6+ Ke8 18. Ne5+ Kf8 19. Kf1 Rf5 20. Qxd4 Be7 21. Bd3 Rh5
22. Rad1 Rh1+ 23. Ke2 Rh5 24. Kd2 Nd5 25. Kc1 Bf6 26. Kb1 Ne7
27. Bc4 Nc6 28. Qd6+ Be7 29. Qc7 1-0

[Event "Chess.com Speed Chess Championship (Qualifier)"]
[Site "chess.com INT"]
[Date "2018.06.26"]
[EventDate "2018.06.26"]
[Round "1.13"]
[Result "1-0"]
[White "Georg Meier"]
[Black "Leinier Dominguez Perez"]
[WhiteElo "2628"]
[BlackElo "2739"]
[PlyCount "117"]

1. Nf3 d5 2. g3 Nf6 3. Bg2 e6 4. O-O Be7 5. d4 O-O 6. c4 dxc4
7. Qc2 a6 8. Qxc4 Bd7 9. Qc2 Bc6 10. Nc3 b5 11. Bf4 Nbd7
12. Rac1 Rc8 13. Rfd1 Bb7 14. Ne5 Bxg2 15. Kxg2 c5 16. Ne4 c4
17. Nxf6+ Bxf6 18. Qe4 Bxe5 19. Bxe5 Nxe5 20. Qxe5 Qa5 21. a3
c3 22. d5 c2 23. Rd4 exd5 24. Rxd5 h6 25. Qf5 g6 26. Qd3 Qa4
27. Rd4 Qa5 28. Rxc2 Rxc2 29. Qxc2 Qb6 30. e3 h5 31. h3 Qb7+
32. Qe4 Qxe4+ 33. Rxe4 Rc8 34. a4 bxa4 35. Rxa4 Rb8 36. Ra2
Rb4 37. Kf3 Kg7 38. Ke2 a5 39. Kd3 a4 40. Kc3 Rb3+ 41. Kc2 Rb4
42. Ra3 Kf6 43. Rd3 h4 44. Rd4 Rxd4 45. exd4 g5 46. gxh4 gxh4
47. Kc3 Ke6 48. Kb4 Kd5 49. Kxa4 Kxd4 50. b4 Ke4 51. b5 Kf3
52. b6 Kxf2 53. b7 Kg3 54. b8=Q+ Kxh3 55. Qf4 f5 56. Kb4 Kg2
57. Qxh4 Kf3 58. Kc3 f4 59. Kd2 1-0

[Event "Chess.com Speed Chess Championship (Qualifier)"]
[Site "chess.com INT"]
[Date "2018.06.26"]
[EventDate "2018.06.26"]
[Round "1.14"]
[Result "1-0"]
[White "Leinier Dominguez Perez"]
[Black "Georg Meier"]
[WhiteElo "2739"]
[BlackElo "2628"]
[PlyCount "65"]

1. e4 e6 2. d4 d5 3. Nc3 Nf6 4. e5 Nfd7 5. Nce2 c5 6. c3 Nc6
7. Nf3 b5 8. a3 a5 9. Nf4 b4 10. axb4 cxb4 11. h4 h6 12. Bd3
Qb6 13. O-O Ba6 14. Be3 Bxd3 15. Qxd3 Qa6 16. Qc2 Rc8 17. Nxe6
fxe6 18. Qg6+ Ke7 19. cxb4 Nxb4 20. Bd2 Kd8 21. Rac1 Rc4
22. b3 Rxc1 23. Rxc1 Qd3 24. Qxe6 Qxb3 25. Qf7 Be7 26. Qxg7
Rf8 27. Bxh6 Rxf3 28. gxf3 Qxf3 29. Qg8+ Nf8 30. Bxf8 Bxf8
31. Qg6 Qf4 32. Qb6+ Ke8 33. Qe6+ 1-0

[Event "Chess.com Speed Chess Championship (Qualifier)"]
[Site "chess.com INT"]
[Date "2018.06.26"]
[EventDate "2018.06.26"]
[Round "1.15"]
[Result "1-0"]
[White "Georg Meier"]
[Black "Leinier Dominguez Perez"]
[WhiteElo "2628"]
[BlackElo "2739"]
[PlyCount "171"]

1. Nf3 d5 2. g3 Nf6 3. Bg2 e6 4. O-O Be7 5. d4 O-O 6. c4 dxc4
7. Qc2 a6 8. Qxc4 b5 9. Qc2 Bb7 10. Bg5 Nbd7 11. Bxf6 Nxf6
12. Nbd2 Rc8 13. Nb3 c5 14. dxc5 Ne4 15. Rfd1 Qc7 16. c6 Qxc6
17. Qxc6 Bxc6 18. Ne5 Bd5 19. Nd3 Bf6 20. f3 Nd6 21. e4 Bxb3
22. axb3 Bd4+ 23. Kf1 Rc2 24. Rxa6 Nb7 25. f4 Nc5 26. Rd6 Be3
27. Nxc5 Rf2+ 28. Ke1 Bxc5 29. Rc6 Be3 30. Bf1 Rxh2 31. Bxb5
Bf2+ 32. Ke2 Bxg3+ 33. Kf3 Bh4 34. Be2 h5 35. b4 Rh3+ 36. Kg2
Rg3+ 37. Kf1 Rb3 38. b5 Rxb2 39. Bd3 Bf2 40. Rb1 Rxb1+
41. Bxb1 Be3 42. f5 e5 43. Ba2 Ra8 44. Bd5 Rb8 45. Bc4 h4
46. Kg2 Rb7 47. Kh3 Bf2 48. Rd6 Kh7 49. Rd2 Be3 50. Re2 Bd4
51. Kxh4 Rc7 52. Bd5 Rc1 53. Kg4 Kg8 54. Bc6 Rg1+ 55. Kf3 g6
56. Rc2 gxf5 57. exf5 Kg7 58. Ke4 Kf6 59. Bd7 Rd1 60. Bc8 Kg5
61. Rc6 f6 62. b6 Bxb6 63. Rxb6 Rd4+ 64. Ke3 Rd8 65. Be6 Ra8
66. Rb3 Ra4 67. Rc3 Rb4 68. Kf3 Rf4+ 69. Kg3 Rg4+ 70. Kh3 Rh4+
71. Kg2 Rg4+ 72. Rg3 Kf4 73. Rxg4+ Kxg4 74. Kf2 Kf4 75. Ke2
Ke4 76. Bd7 Kf4 77. Kd3 Kf3 78. Bc6+ Kf4 79. Be4 Kg5 80. Ke3
Kg4 81. Bd3 Kg3 82. Ke4 Kg4 83. Bb1 Kg5 84. Kd5 Kf4 85. Ke6 e4
86. Bxe4 1-0

[Event "Chess.com Speed Chess Championship (Qualifier)"]
[Site "chess.com INT"]
[Date "2018.06.26"]
[EventDate "2018.06.26"]
[Round "1.16"]
[Result "1-0"]
[White "Leinier Dominguez Perez"]
[Black "Georg Meier"]
[WhiteElo "2739"]
[BlackElo "2628"]
[PlyCount "73"]

1. e4 e6 2. d4 d5 3. Nc3 dxe4 4. Nxe4 Bd7 5. Nf3 Bc6 6. Bd3
Nd7 7. Qe2 Be7 8. Neg5 Bd5 9. c4 Bxf3 10. Nxf3 Ngf6 11. O-O
O-O 12. b3 c6 13. Bb2 a5 14. a3 Qc7 15. Rad1 Rfe8 16. Rfe1
Rad8 17. g3 Bf8 18. Kg2 g6 19. h4 Bg7 20. Bc1 Ng4 21. Bg5 Rc8
22. h5 e5 23. hxg6 hxg6 24. dxe5 Ndxe5 25. Bf4 Qb6 26. Nxe5
Nxe5 27. Bc2 Qc5 28. Qe3 Qxa3 29. c5 Qb2 30. Re2 Qa3 31. Rde1
a4 32. bxa4 Qb4 33. Bb3 Kf8 34. Bxe5 Rxe5 35. Qf3 Rf5 36. Qe3
Qxc5 37. Qe8+ 1-0

[Event "Chess.com Speed Chess Championship (Qualifier)"]
[Site "chess.com INT"]
[Date "2018.06.26"]
[EventDate "2018.06.26"]
[Round "1.17"]
[Result "1-0"]
[White "Georg Meier"]
[Black "Leinier Dominguez Perez"]
[WhiteElo "2628"]
[BlackElo "2739"]
[PlyCount "229"]

1. Nf3 d5 2. g3 Nf6 3. Bg2 e6 4. O-O Be7 5. d4 O-O 6. c4 dxc4
7. Qc2 a6 8. Qxc4 b5 9. Qc2 Bb7 10. Bf4 Nc6 11. Rd1 Rc8 12. a3
Na5 13. Nc3 Nd5 14. b4 Nc4 15. Ne5 Nxe5 16. Bxe5 Nxc3 17. Bxb7
Nxd1 18. Rxd1 Qd7 19. Rc1 c6 20. Bxa6 Ra8 21. Qxc6 Qxc6
22. Rxc6 Ra7 23. g4 Rfa8 24. Bxb5 Rxa3 25. Bc4 Bxb4 26. d5
exd5 27. Bxd5 Rf8 28. Rc4 Be7 29. Rc7 Bb4 30. Kg2 Ra5 31. e4
Ra3 32. g5 Ba5 33. Rc6 Bb4 34. h4 Ra7 35. Rb6 Bc5 36. Rc6 Bb4
37. h5 Rd7 38. Rb6 Bc5 39. Rc6 Bb4 40. Kf3 Rfd8 41. Kg4 Rxd5
42. exd5 Rxd5 43. Rc8+ Bf8 44. f4 f6 45. gxf6 gxf6 46. Bxf6
Kf7 47. Bg5 Rd7 48. Kf5 Rd5+ 49. Ke4 Rd7 50. Rc6 Rb7 51. Kf5
Rd7 52. Kg4 Rb7 53. Kf5 Rb5+ 54. Ke4 Rb7 55. Bf6 Rd7 56. Be5
Rb7 57. Kf5 Rd7 58. Rf6+ Kg8 59. Ra6 Kf7 60. Ra8 Rb7 61. Rc8
Rd7 62. Ke4 Rb7 63. Rc6 Rd7 64. Rf6+ Kg8 65. Rf5 Rb7 66. Kd5
Rb6 67. Bd4 Ra6 68. Be5 Rb6 69. Rg5+ Kf7 70. Rg2 Ra6 71. Ke4
Ra7 72. Kf5 Rd7 73. Re2 Rb7 74. Ra2 Rd7 75. Rb2 Ra7 76. Ke4
Rd7 77. Rb3 Ra7 78. Kd5 Rd7+ 79. Kc6 Ra7 80. Bb8 Re7 81. Rb5
Re2 82. Be5 Rc2+ 83. Kd5 Rd2+ 84. Kc6 Rc2+ 85. Kd7 Rd2+
86. Kc8 Rc2+ 87. Kb8 Rd2 88. Rb7+ Kg8 89. Kc8 Rd3 90. Ra7 Rd5
91. Rb7 Rd3 92. Kc7 Kf7 93. Kc8+ Kg8 94. Bf6 Rd5 95. Be5 Rd3
96. Ra7 Rd5 97. Kc7 Rd3 98. Kc6 Rd1 99. Rb7 Rd2 100. Ra7 Rd1
101. Bc7 Kf7 102. Bb8+ Kg8 103. Bc7 Rd2 104. Be5 Rd1 105. Kb5
Rd2 106. Kc4 Rd1 107. f5 Rf1 108. f6 Rf5 109. Kd5 h6 110. Ke6
Rf3 111. f7+ Kh7 112. Ra8 Rf2 113. Rxf8 Rf6+ 114. Kd5 Rd6+
115. Bxd6 1-0